| 000 | 00666nam a22001937a 4500 | ||
|---|---|---|---|
| 003 | ost | ||
| 005 | 20140310182435.0 | ||
| 008 | 130122t xxu||||| |||| 00| 0 eng d | ||
| 020 | _a9781451105803 | ||
| 050 |
_aRB 40 _b.C641 2010 |
||
| 100 |
_aBishop, Michael L. _97763 |
||
| 245 |
_aClinical chemistry : techniques, principles, correlations / _cMichael L. Bishop, Janet L. Duben-Von Laufen, Edward P. Fody ; 33 contributors. |
||
| 260 |
_aPhiladelphia: _bLippincott, _cc2010. |
||
| 300 |
_axvii, 604 p. : _c29 cm. _bill. ; |
||
| 650 |
_aChemistry, clinical. _xmethods. _97764 |
||
| 650 |
_aClinical chemistry tests. _97765 |
||
| 942 |
_2lcc _cSSLC |
||
| 999 |
_c13418 _d13418 |
||